Statistiques concernant Les plus grandes villes françaises sur la Manche

Cliquez ici pour prendre le quiz!

Statistiques générales

  • Ce quiz a été pris 201 fois
    (147 depuis la dernière actualisation)
  • Le résultat moyen est 7 sur 16

Statistiques - réponses

PopulationVille sur la Manche% Correct
172,800Le Havre
87%
81,000Cherbourg-en-Cotentin
86%
76,400Calais
75%
46,000Saint-Malo
67%
42,500Boulogne-sur-Mer
65%
30,100Dieppe
62%
45,200Saint-Brieuc
57%
13,400Granville
50%
19,300Fécamp
41%
19,900Lannion
34%
14,800Morlaix
30%
14,500Berck
27%
14,100Outreau
12%
11,800La Hague
11%
14,100Plérin
7%
11,100Etaples
4%

Distribution des résultats

Percentile par nombre de réponses

% des personnes avec chaque résultat

Votre développement - résultats

Vous n’avez pas pris ce quiz depuis la dernière actualisation